| 000 | 02395cam a22005057a 4500 | ||
|---|---|---|---|
| 999 |
_c529728 _d529728 |
||
| 001 | 13760923 | ||
| 003 | NUST | ||
| 005 | 20191002114709.0 | ||
| 008 | 041025s1999 dcuab g b f000 0 eng d | ||
| 010 | _a 99075976 | ||
| 020 | _a0309068576 (pbk.) | ||
| 035 | _a(OCoLC)ocm42871166 | ||
| 038 | _aMSOHAIL | ||
| 040 |
_aTRL _cTRL _dIQU _dDLC |
||
| 042 | _alccopycat | ||
| 043 | _an-us--- | ||
| 050 | 0 | 0 |
_aTE208 _b.N49 1999 |
| 082 | 0 | 0 |
_a625.735 _222 |
| 100 | 1 |
_aNewcomb, David E. _922355 |
|
| 245 | 1 | 0 |
_aMeasuring in situ mechanical properties of pavement subgrade soils / _cDavid E. Newcomb and Björn Birgisson. |
| 246 | 3 | _aMeasuring mechanical properties of pavement subgrade soils in situ | |
| 246 | 3 | 0 | _aMechanical properties of pavement subgrade soils |
| 260 |
_aWashington, D.C. : _bNational Academy Press, _c1999. |
||
| 300 |
_a73 p. : _bill., maps ; _c28 cm. |
||
| 440 | 0 |
_aSynthesis of highway practice, _x0547-5570 ; _v278 _922356 |
|
| 500 | _a"Project 20-5 FY 1996 (topic 29-08)"--T.p. verso. | ||
| 500 | _aAt head of title: National Cooperative Highway Research Program. | ||
| 500 | _a"Transportation Research Board, National Research Council." | ||
| 500 | _a"Research sponsored by the American Association of State Highway and Transportation Officials in cooperation with the Federal Highway Administration." | ||
| 504 | _aIncludes bibliographical references (p. 54-58). | ||
| 650 | 0 |
_aSoils _xTesting _xStandards _zUnited States. _922357 |
|
| 650 | 0 |
_aPavements _xSubgrades _xTesting _xStandards _zUnited States. _922358 |
|
| 650 | 0 |
_aShear strength of soils _xMeasurement _xStandards _zUnited States. _922359 |
|
| 650 | 0 |
_aPavements _xDesign and construction _xStandards _zUnited States. _922360 |
|
| 650 | 0 |
_aSoil mechanics. _9558 |
|
| 700 | 1 |
_aBirgisson, Björn. _922361 |
|
| 710 | 2 |
_aNational Cooperative Highway Research Program. _920864 |
|
| 710 | 2 |
_aNational Research Council (U.S.). _bTransportation Research Board. _922362 |
|
| 710 | 2 |
_aAmerican Association of State Highway and Transportation Officials. _919553 |
|
| 710 | 1 |
_aUnited States. _bFederal Highway Administration. _920149 |
|
| 856 | 4 | 1 |
_3Table of contents _uhttp://www.loc.gov/catdir/toc/fy0605/99075976.html |
| 906 |
_a7 _bcbc _ccopycat _d2 _eepcn _f20 _gy-gencatlg |
||
| 942 |
_2ddc _cBK |
||